| 000 | 00800nam a22002297a 4500 | ||
|---|---|---|---|
| 005 | 20100722115634.0 | ||
| 010 | _aENG-96640 | ||
| 020 |
_a9780070706606 _c425.00 |
||
| 020 |
_a0070706603 _c425.00 |
||
| 035 | _aEN-80173 | ||
| 037 | _bDBAD/PUB | ||
| 082 | _a658.7 | ||
| 100 |
_aLeender, Michiel R. _9655 |
||
| 245 |
_aPurchasing and supply management ; _bwith 50 supply chain cases / _cby Michiel R. Leenders...[et al] |
||
| 250 | _a13th ed. | ||
| 260 |
_aNew Delhi _bTata McGraw Hill _c2010 |
||
| 270 |
_a7 West Patel Nager _bNew Delhi |
||
| 300 |
_axix, 564 p. _bill. _c24cm. (pbk) |
||
| 500 | _aIncludes index. | ||
| 942 |
_2ddc _cEN _h658.7 _mLEE |
||
| 999 |
_c37179 _d37179 |
||